| 000 | 00889nam a22001815i 4500 | ||
|---|---|---|---|
| 001 | 161820 | ||
| 003 | ES-MaACL | ||
| 005 | 20250726063042.0 | ||
| 008 | 000131s1860 sp |||| | spa d | ||
| 040 |
_aCAM _bspa _cCAM |
||
| 100 | 1 |
_aPérez Escrich, Enrique, _d1829-1897 _990847 |
|
| 245 | 1 | 0 |
_aCaricaturas _b: comedia en tres actos, en verso / _coriginasl de Enrique Pérez Escrich. |
| 260 |
_aMadrid : _b[s.n.], _c1860 ( _fImprenta de José Rodriguez) |
||
| 300 |
_a91 p. ; _c18 cm. |
||
| 500 | _aEn port.: Representada en Madrid en el teatro del Principe, la noche del 13 de Abril del año de 1850, a beneficio de la primera actriz Josefa Palma de Romea. | ||
| 852 |
_aES-MaACL _jF-8598(4) _z-- Enc. pasta española _q-- Falto de la cub. original _z-- Enc. en un vol. facticio ormando parte de la col. facticia "Teatro español moderno", vol. 51 |
||
| 999 |
_c161820 _d161820 |
||